000 00329 a2200157 4500
001 50292
020 _a8599007092
040 _cAnchieta - Bela Vista
100 _aGouveia, Luis Augusto
240 1 0 _aDureza
_lpor
245 1 0 _aDureza
300 _a32
362 0 _a2006
650 4 _aLiteratura infanto-juvenil
942 _cBK
999 _c50292
_d50292